Замечательный математик Нильс Хенрик Абель. (Запись № 30453)

Подробности
000 -МАРКЕР
контрольное поле 00947nam a22002291i 4500
001 - КОНТРОЛЬНЫЙ НОМЕР ЗАПИСИ
контрольное поле 000030453
003 - ПРИНАДЛЕЖНОСТЬ КОНТРОЛЬНОГО НОМЕРА
контрольное поле RuMoIPM
005 - ДАТА И ВРЕМЯ ПОСЛЕДНЕЙ ТРАНЗАКЦИИ
контрольное поле 20260430113354.0
008 - ЭЛЕМЕНТЫ ДАННЫХ ФИКСИРОВАННОЙ ДЛИНЫ
контрольное поле 130416s1961----ur | cbrus
040 ## - ОРГАНИЗАЦИЯ-СОЗДАТЕЛЬ ЗАПИСИ
организация-создатель исходной библиографической записи RuMoIPM
язык каталогизации rus
правила каталогизации rcr
041 1# - КОД ЯЗЫКА
код языка текста Русский
код языка оригинала и/или промежуточных переводов текста eng
080 ## - ИНДЕКС УНИВЕРСАЛЬНОЙ ДЕСЯТИЧНОЙ КЛАССИФИКАЦИИ
индекс Универсальной десятичной классификации 51(092)
100 1# - ИМЯ ЛИЦА КАК ОСНОВНОЙ ПОИСКОВЫЙ ПРИЗНАК
имя лица Оре, Ойстин
245 1# - ОБЛАСТЬ ЗАГЛАВИЯ И СВЕДЕНИЙ ОБ ОТВЕТСТВЕННОСТИ
заглавие Замечательный математик Нильс Хенрик Абель.
сведения об ответственности и т. д О. Оре ; Пер. с англ. Ю. С. Родман ; Под ред. А. М. Яглома
260 ## - ОБЛАСТЬ ВЫХОДНЫХ ДАННЫХ
место публикации, распространения, изготовления и т. д Москва
издательство, издатель, распространитель и т. д Физматгиз
дата издания, распространения и т. д 1961
300 ## - ОБЛАСТЬ КОЛИЧЕСТВЕННОЙ ХАРАКТЕРИСТИКИ
объём 343 с., [9] л. ил.
500 ## - ПРИМЕЧАНИЕ ОБЩЕГО ХАРАКТЕРА
текст примечания На обороте тит. л.: Niels Henrik Abel matematician extraordinary. Oystein Ore. Minneapolis, Univ. of Minnesota press
600 1# - ИМЯ ЛИЦА КАК ДОБАВОЧНЫЙ ПРЕДМЕТНЫЙ ПОИСКОВЫЙ ПРИЗНАК (ПЕРСОНАЛИЯ)
имя лица Абель, Нильс Хенрик
даты, относящиеся к имени [1802-1829]
700 1# - ИМЯ ЛИЦА КАК ДОБАВОЧНЫЙ ПОИСКОВЫЙ ПРИЗНАК
имя лица Яглом, Исаак Моисеевич
роль лица относительно произведения ред.
700 1# - ИМЯ ЛИЦА КАК ДОБАВОЧНЫЙ ПОИСКОВЫЙ ПРИЗНАК
имя лица Родман, Юни Самуиловна
роль лица относительно произведения пер.
942 ## - ДАННЫЕ О ЗАПИСИ (KOHA)
Тип экземпляра (KOHA) Книга
Экземпляры
Статус выдачи Библиотека держатель Текущая библиотека Местонахождение Шифр хранения Тип экземпляра
  Институт прикладной математики им. М.В. Келдыша Институт прикладной математики им. М.В. Келдыша Миусская 51(09) / О-65 Книга